Fundamentals of queueing theory (Record no. 626561)

MARC details
000 -LEADER
fixed length control field 00787nam a2200265Ia 4500
003 - CONTROL NUMBER IDENTIFIER
control field OSt
005 - DATE AND TIME OF LATEST TRANSACTION
control field 20220926013700.0
008 - FIXED-LENGTH DATA ELEMENTS--GENERAL INFORMATION
fixed length control field 220923b |||||||| |||| 00| 0 eng d
037 ## - SOURCE OF ACQUISITION
Terms of availability General Book
040 ## - CATALOGING SOURCE
Original cataloging agency RTL
Transcribing agency RTL
Language of cataloging eng
041 ## - LANGUAGE CODE
Source of code eng
Language code of text/sound track or separate title eng
100 ## - MAIN ENTRY--PERSONAL NAME
Personal name Gross Donald
9 (RLIN) 297944
245 #0 - TITLE STATEMENT
Title Fundamentals of queueing theory
250 ## - EDITION STATEMENT
Edition statement 2
260 ## - PUBLICATION, DISTRIBUTION, ETC.
Place of publication, distribution, etc. New York
Name of publisher, distributor, etc. John Wiley
Date of publication, distribution, etc. 1985
300 ## - PHYSICAL DESCRIPTION
Extent xii,587p
Dimensions cm.
490 ## - SERIES STATEMENT
Series statement Wiley Series in Probability and Mathematical Statistics
500 ## - GENERAL NOTE
General note Bibliography: p 509-518; Appendix: p 519-576
700 ## - ADDED ENTRY--PERSONAL NAME
Personal name Harris Carl M
9 (RLIN) 297945
942 ## - ADDED ENTRY ELEMENTS (KOHA)
Classification part B2893, L4;M5
Koha item type General Books
Source of classification or shelving scheme Colon Classification (CC)
Holdings
Withdrawn status Lost status Damaged status Not for loan Home library Current library Date acquired Total Checkouts Full call number Barcode Date last seen Price effective from Koha item type
        Ratan Tata Library Ratan Tata Library 2022-09-26   B2893 L4;M5 RT1051202 2022-09-26 2022-09-26 General Books
Copyright @ Delhi University Library System